All Men's US Open Winners - Statistics

General Stats
  • This quiz has been taken 161 times
    90 since last reset
  • The average score is 38 of 53
Answer Stats
Year Player % Correct
2019 Rafael Nadal
100%
2017 Rafael Nadal
100%
2013 Rafael Nadal
100%
2010 Rafael Nadal
100%
2008 Roger Federer
100%
2007 Roger Federer
100%
2006 Roger Federer
100%
2005 Roger Federer
100%
2004 Roger Federer
100%
2018 Novak Djokovic
97%
2015 Novak Djokovic
97%
2011 Novak Djokovic
97%
2012 Andy Murray
92%
2002 Pete Sampras
86%
1996 Pete Sampras
86%
1995 Pete Sampras
86%
1993 Pete Sampras
86%
1990 Pete Sampras
86%
1999 Andre Agassi
84%
1994 Andre Agassi
84%
1984 John McEnroe
78%
1981 John McEnroe
78%
1980 John McEnroe
78%
1979 John McEnroe
78%
1989 Boris Becker
75%
2016 Stanislas Warinka
70%
1983 Jimmy Connors
67%
1982 Jimmy Connors
67%
1978 Jimmy Connors
67%
1976 Jimmy Connors
67%
1974 Jimmy Connors
67%
2014 Marin Cilic
66%
2020 Dominic Thiem
64%
2003 Andy Roddick
63%
2009 Juan Martin del Potro
63%
2001 Lleyton Hewitt
63%
1968 Arthur Ashe
58%
1987 Ivan Lendl
58%
1986 Ivan Lendl
58%
1985 Ivan Lendl
58%
1992 Stefan Edberg
58%
1991 Stefan Edberg
58%
1969 Rod Laver
54%
2000 Marat Safin
50%
1988 Mats Wilander
47%
1972 Ilie Nastase
45%
1971 Stan Smith
41%
1998 Patrick Rafter
39%
1997 Patrick Rafter
39%
1973 John Newcombe
33%
1977 Guillermo Vilas
29%
1970 Ken Rosewall
24%
1975 Manuel Orantes
20%
No matching quizzes found
Score Distribution
Percent of People with Each Score
Percentile by Number Answered
Your Score History
You have not taken this quiz since the last reset